00417nam a2200121 i 4500001000300000100002200003245009400025260002100119040000800140041000800148008004100156856009800197bg1 aSANDECKI, Tadeusz 0aProjektowanie dróg :bkryterium względnego odchylenia kątowego /cTadeusz Sandecki. aWarszawa,c1976. cBPK apol s pl f |000 0 pol  uhttp://koha.tu.koszalin.pl/cgi-bin/koha/opac-detail.pl?biblionumber=27347yKatalog online BPK